000 00331nam a22001457a 4500
008 210512b ||||| |||| 00| 0 eng d
020 _a9781133187899
041 _aeng
080 _29th
_a721.053
082 _a721.053
100 _a62
101 _aAUD
245 _aContemporary Auditing
_cMichael C. Knapp
942 _2udc
_cBK
999 _c57282
_d57282